00629nam a2200169 a 450000100100000000500170001000800410002702000150006804000250008308200150010810000420012324500560016526000720022130000360029395201130032999900170044200003705020200930080117.0120209s1975 dr ac 000 0 spa d a8428307059 aDO-SdBNPbspacBNPHU axxxbF363m1 aFernández Ormaechea, Antonio92898810aMemorias de un rebelde /cA. Fernández Ormaechea. aLa Vega, Republica Dominicana :bParaninfo,c1975eMadrid, España a460 p. :bil., retrs. ;c21 cm. 0010718PDaGRbGRcCTd2012-02-09iLF1l0oxxx F363mp37050-10r2020-06-25w2020-06-25yLFPDZNo se presta c36540d36540